000 00650nam a22002057a 4500
999 _c13674
_d13674
003 AR-CdUCM
008 190416b ||||| |||| 00| 0 spa d
040 _aMUNICIPALIDAD PROVINCIAL DEL CUSCO
_cBIBLIOTECA MUNICIPAL DEL CUSCO
082 _a398.85 /
_bA67 / 1956
110 _aÓrgano de la sociedad peruana de folklore
_932174
245 _aArchivos peruanos de folklore /
260 _aCuzco :
_c1956.
300 _a132 paginas ;
_bIlustraciones,
_c23 cm.
505 _aContenido :Folklore /
650 _aFolklore peruano
_932175
650 _aTradición
_92713
650 _aCultura
_9126
942 _2ddc
_cLIBROS
945 _arjall
_d2019-04-16